000
00279nam a2200109Ia 4500
008
200302s9999 xx 000 0 und d
100
_a
Simone Schleifer
245
_a
Working Spaces Espaces de Travail Raum Fur Arbeit
260
_b
Taschen Gmbh
260
_c
2005
300
_a
382 P.,
999
_c
5167
_d
5167